安徽省下辖县级行政区地图 County-level administrative divisions of Anhui - Statistics

General Stats
  • This quiz has been taken 1 236 times
  • The average score is 53 of 104
Answers on the Map
Answers color-coded by a green-red scale on the quiz's map according to % correct below.
 
Answer Stats
县级类 地级 区县 % Correct
县级市 合肥市 巢湖市
84%
合肥市 肥东县
84%
合肥市 肥西县
84%
市辖区 黄山市 黄山区
83%
县级市 滁州市 天长市
78%
县级市 芜湖市 无为市
76%
黄山市 歙县
73%
市辖区 黄山市 徽州区
72%
市辖区 合肥市 蜀山区
70%
黄山市 黟县
69%
市辖区 宣城市 宣州区
69%
六安市 金寨县
68%
县级市 宣城市 宁国市
68%
市辖区 合肥市 包河区
66%
宣城市 绩溪县
66%
宿州市 砀山县
65%
合肥市 庐江县
64%
马鞍山市 当涂县
64%
滁州市 凤阳县
64%
马鞍山市 和县
63%
县级市 宣城市 广德市
63%
县级市 安庆市 桐城市
62%
淮南市 寿县
61%
宿州市 萧县
61%
市辖区 合肥市 瑶海区
60%
县级市 滁州市 明光市
60%
合肥市 长丰县
59%
市辖区 芜湖市 鸠江区
59%
黄山市 祁门县
59%
市辖区 黄山市 屯溪区
59%
铜陵市 枞阳县
58%
市辖区 铜陵市 郊区
57%
市辖区 合肥市 庐阳区
56%
市辖区 马鞍山市 花山区
56%
县级市 阜阳市 界首市
56%
市辖区 滁州市 琅琊区
56%
市辖区 马鞍山市 博望区
55%
市辖区 马鞍山市 雨山区
55%
宣城市 泾县
54%
安庆市 太湖县
53%
黄山市 休宁县
53%
阜阳市 颍上县
53%
池州市 东至县
53%
马鞍山市 含山县
52%
六安市 霍邱县
52%
市辖区 芜湖市 镜湖区
51%
市辖区 芜湖市 弋江区
51%
滁州市 全椒县
51%
芜湖市 南陵县
50%
市辖区 淮南市 八公山区
50%
市辖区 铜陵市 铜官区
50%
宿州市 泗县
50%
市辖区 池州市 贵池区
50%
宣城市 旌德县
49%
宣城市 郎溪县
48%
池州市 青阳县
48%
市辖区 芜湖市 繁昌区
47%
市辖区 芜湖市 湾沚区
47%
县级市 安庆市 潜山市
47%
市辖区 阜阳市 颍州区
47%
滁州市 定远县
47%
六安市 霍山县
47%
六安市 舒城县
47%
市辖区 亳州市 谯城区
46%
亳州市 涡阳县
46%
宿州市 灵璧县
45%
安庆市 宿松县
44%
阜阳市 太和县
44%
池州市 石台县
44%
淮北市 濉溪县
43%
安庆市 望江县
43%
安庆市 岳西县
43%
阜阳市 临泉县
43%
滁州市 来安县
43%
亳州市 蒙城县
43%
阜阳市 阜南县
42%
亳州市 利辛县
42%
市辖区 六安市 金安区
41%
市辖区 六安市 叶集区
41%
蚌埠市 五河县
40%
安庆市 怀宁县
40%
蚌埠市 怀远县
39%
市辖区 蚌埠市 龙子湖区
39%
市辖区 阜阳市 颍东区
39%
蚌埠市 固镇县
38%
市辖区 淮南市 田家庵区
38%
市辖区 淮北市 烈山区
38%
市辖区 阜阳市 颍泉区
38%
市辖区 宿州市 埇桥区
38%
市辖区 蚌埠市 蚌山区
37%
市辖区 淮南市 谢家集区
37%
市辖区 安庆市 大观区
37%
市辖区 滁州市 南谯区
37%
淮南市 凤台县
36%
市辖区 六安市 裕安区
35%
市辖区 安庆市 宜秀区
34%
市辖区 安庆市 迎江区
34%
市辖区 淮北市 杜集区
33%
市辖区 铜陵市 义安区
33%
市辖区 淮南市 潘集区
31%
市辖区 淮北市 相山区
31%
市辖区 淮南市 大通区
30%
市辖区 蚌埠市 淮上区
29%
市辖区 蚌埠市 禹会区
29%
No matching quizzes found
Score Distribution
Percent of People with Each Score
Percentile by Number Answered
Your Score History
You have not taken this quiz